Kanadské železnice. 3
CN - Železničná akciová spoločnosť Kanadské národné železnice realizuje údržbu na základe posúdenia výsledkov meraní meracích vozňov. Meracie vozne. Rušňové hospodárstvo. Vozňové hospodárstvo. Dôraz sa kladie na bezpečnosť pri práci, poriadok na pracovisku a kvalitu práce.
Gespeichert in:
| 1. Verfasser: | |
|---|---|
| Format: | Buchkapitel |
| Sprache: | Slowakisch |
| Schlagworte: | |
| Tags: |
Keine Tags, Fügen Sie das erste Tag hinzu!
|
MARC
| LEADER | 00000naa a2200000 4500 | ||
|---|---|---|---|
| 001 | r024568 | ||
| 005 | 20221213113256.6 | ||
| 041 | 0 | |a slo | |
| 044 | |a SK | ||
| 245 | 1 | 0 | |a Kanadské železnice. 3 |c P. Stetulič |
| 520 | |a CN - Železničná akciová spoločnosť Kanadské národné železnice realizuje údržbu na základe posúdenia výsledkov meraní meracích vozňov. Meracie vozne. Rušňové hospodárstvo. Vozňové hospodárstvo. Dôraz sa kladie na bezpečnosť pri práci, poriadok na pracovisku a kvalitu práce. | ||
| 610 | 2 | 0 | |a doprava |
| 610 | 2 | 0 | |a doprava železničná |
| 610 | 2 | 0 | |a Kanada |
| 610 | 2 | 0 | |a údržba |
| 610 | 2 | 0 | |a opravy |
| 610 | 2 | 0 | |a vagóny |
| 610 | 2 | 0 | |a železnice |
| 610 | 2 | 0 | |a bezpečnosť práce |
| 100 | 1 | |a Stetulič, P. | |